[Event "183 Stay Safe Play From Home series"]
[Site "T#646406Emanuel Laske"]
[Date "2020.05.28"]
[Round "2"]
[White "Don59as"]
[Black "Weltszmerc"]
[Result "1-0"]
[WhiteElo "2086"]
[BlackElo "2064"]
[Annotator "NA"]
[PlyCount "135"]
[EventDate "2020.05.28"]
[EventType "swiss (blitz)"]

1. c4 {[%emt 0:00:02]} b6 {[%emt 0:00:01]} 2. Nc3 {[%emt 0:00:01]} Bb7 {[%emt 0:00:01]} 3. e4 {[%emt 0:00:01]} e5 {[%emt 0:00:01]} 4. Nge2 {[%emt 0:00:01]} Nf6 {[%emt 0:00:04]} 5. d3 {[%emt 0:00:03]} g6 {[%emt 0:00:04]} 6. g3 {[%emt 0:00:01]} Bg7 {[%emt 0:00:01]} 7. Bg2 {[%emt 0:00:01]} O-O {[%emt 0:00:00]} 8. O-O {[%emt 0:00:01]} h6 {[%emt 0:00:00]} 9. h3 {[%emt 0:00:01]} c6 {[%emt 0:00:00]} 10. Be3 {[%emt 0:00:01]} d5 {[%emt 0:00:01]} 11. exd5 {[%emt 0:00:00]} cxd5 {[%emt 0:00:00]} 12. Qd2 {[%emt 0:00:01]} Kh7 {[%emt 0:00:04]} 13. d4 {[%emt 0:00:04]} exd4 {[%emt 0:00:06]} 14. Nxd4 {[%emt 0:00:01]} Na6 {[%emt 0:00:01]} 15. Rad1 {[%emt 0:00:08]} Nc5 {[%emt 0:00:01]} 16. cxd5 {[%emt 0:00:04]} Nxd5 {[%emt 0:00:02]} 17. Nxd5 {[%emt 0:00:08]} Bxd5 {[%emt 0:00:00]} 18. Bxd5 {[%emt 0:00:05]} Qxd5 {[%emt 0:00:00]} 19. b4 {[%emt 0:00:11]} Ne4 {[%emt 0:00:08]} 20. Qd3 {[%emt 0:00:08]} Rfe8 {[%emt 0:00:08]} 21. Nb3 {[%emt 0:00:11]} Qf5 {[%emt 0:00:07]} 22. g4 {[%emt 0:00:11]} Qf3 {[%emt 0:00:03]} 23. Bd4 {[%emt 0:00:05]} Qf4 {[%emt 0:00:25]} 24. Bxg7 {[%emt 0:00:03]} Kxg7 {[%emt 0:00:00]} 25. Qe3 {[%emt 0:00:09]} Qxe3 {[%emt 0:00:06]} 26. fxe3 {[%emt 0:00:00]} Rad8 {[%emt 0:00:01]} 27. Nd4 {[%emt 0:00:03]} Nc3 {[%emt 0:00:05]} 28. Rd3 {[%emt 0:00:02]} Ne2+ {[%emt 0:00:03]} 29. Kf2 {[%emt 0:00:05]} Nxd4 {[%emt 0:00:04]} 30. exd4 {[%emt 0:00:01]} Re4 {[%emt 0:00:05]} 31. Rfd1 {[%emt 0:00:02]} Rd5 {[%emt 0:00:02]} 32. a3 {[%emt 0:00:02]} g5 {[%emt 0:00:05]} 33. Kf3 {[%emt 0:00:02]} Rf4+ {[%emt 0:00:01]} 34. Kg3 {[%emt 0:00:01]} Kg6 {[%emt 0:00:05]} 35. h4 {[%emt 0:00:03]} f6 {[%emt 0:00:06]} 36. hxg5 {[%emt 0:00:02]} hxg5 {[%emt 0:00:02]} 37. R1d2 {[%emt 0:00:01]} f5 {[%emt 0:00:01]} 38. gxf5+ {[%emt 0:00:01]} Kxf5 {[%emt 0:00:00]} 39. Rf3 {[%emt 0:00:01]} Rxf3+ {[%emt 0:00:04]} 40. Kxf3 {[%emt 0:00:01]} a5 {[%emt 0:00:03]} 41. Ke3 {[%emt 0:00:02]} g4 {[%emt 0:00:03]} 42. Rf2+ {[%emt 0:00:01]} Kg5 {[%emt 0:00:01]} 43. Ke4 {[%emt 0:00:01]} Rd8 {[%emt 0:00:01]} 44. d5 {[%emt 0:00:05]} Re8+ {[%emt 0:00:02]} 45. Kd4 {[%emt 0:00:01]} axb4 {[%emt 0:00:02]} 46. axb4 {[%emt 0:00:01]} g3 {[%emt 0:00:00]} 47. Rg2 {[%emt 0:00:03]} Kf4 {[%emt 0:00:01]} 48. d6 {[%emt 0:00:02]} Re4+ {[%emt 0:00:04]} 49. Kd5 {[%emt 0:00:02]} Rxb4 {[%emt 0:00:03]} 50. d7 {[%emt 0:00:01]} Rb1 {[%emt 0:00:06]} 51. Rd2 {[%emt 0:00:01]} g2 {[%emt 0:00:01]} 52. d8=Q {[%emt 0:00:03]} Rb5+ {[%emt 0:00:01]} 53. Kc6 {[%emt 0:00:08]} Rc5+ {[%emt 0:00:02]} 54. Kb7 {[%emt 0:00:01]} g1=Q {[%emt 0:00:01]} 55. Qd6+ {[%emt 0:00:03]} Re5 {[%emt 0:00:03]} 56. Qf6+ {[%emt 0:00:05]} Ke3 {[%emt 0:00:04]} 57. Qh6+ {[%emt 0:00:04]} Ke4 {[%emt 0:00:02]} 58. Qh4+ {[%emt 0:00:02]} Ke3 {[%emt 0:00:02]} 59. Qd4+ {[%emt 0:00:01]} Kf3 {[%emt 0:00:01]} 60. Qxg1 {[%emt 0:00:01]} Re7+ {[%emt 0:00:00]} 61. Kxb6 {[%emt 0:00:01]} Re6+ {[%emt 0:00:00]} 62. Kc5 {[%emt 0:00:00]} Re3 {[%emt 0:00:01]} 63. Qf2+ {[%emt 0:00:01]} Ke4 {[%emt 0:00:00]} 64. Rd4+ {[%emt 0:00:01]} Ke5 {[%emt 0:00:00]} 65. Qxe3+ {[%emt 0:00:00]} Kf6 {[%emt 0:00:00]} 66. Rf4+ {[%emt 0:00:00]} Kg7 {[%emt 0:00:00]} 67. Qg3+ {[%emt 0:00:00]} Kh6 {[%emt 0:00:01]} 68. Rh4# {[%emt 0:00:00] (Lag: Av=0.90s, max=4.5s)} 1-0

[Event "183 Stay Safe Play From Home series"]
[Site "T#646406Emanuel Laske"]
[Date "2020.05.28"]
[Round "2"]
[White "Spacecap39"]
[Black "Katianet"]
[Result "1-0"]
[WhiteElo "1834"]
[BlackElo "1513"]
[Annotator "NA"]
[PlyCount "71"]
[EventDate "2020.05.28"]
[EventType "swiss (blitz)"]

1. e4 {[%emt 0:00:03]} e6 {[%emt 0:00:00]} 2. d4 {[%emt 0:00:02]} d5 {[%emt 0:00:00]} 3. Nd2 {[%emt 0:00:03]} Nf6 {[%emt 0:00:01]} 4. e5 {[%emt 0:00:02]} Nfd7 {[%emt 0:00:01]} 5. Bd3 {[%emt 0:00:01]} a6 {[%emt 0:00:00]} 6. c3 {[%emt 0:00:01]} c5 {[%emt 0:00:00]} 7. Ne2 {[%emt 0:00:02]} cxd4 {[%emt 0:00:02]} 8. cxd4 {[%emt 0:00:01]} Nc6 {[%emt 0:00:00]} 9. O-O {[%emt 0:00:01]} Be7 {[%emt 0:00:02]} 10. Nf3 {[%emt 0:00:02]} O-O {[%emt 0:00:01]} 11. Be3 {[%emt 0:00:02]} f5 {[%emt 0:00:01]} 12. exf6 {[%emt 0:00:02]} Nxf6 {[%emt 0:00:01]} 13. Rc1 {[%emt 0:00:03]} Bd7 {[%emt 0:00:01]} 14. Bb1 {[%emt 0:00:02]} Rc8 {[%emt 0:00:02]} 15. a3 {[%emt 0:00:01]} Be8 {[%emt 0:00:01]} 16. Nf4 {[%emt 0:00:09]} Bf7 {[%emt 0:00:03]} 17. Qd3 {[%emt 0:00:04]} e5 {[%emt 0:00:04]} 18. Nxe5 {[%emt 0:00:11]} Bd6 {[%emt 0:00:12]} 19. Nxf7 {[%emt 0:00:09]} Rxf7 {[%emt 0:00:07]} 20. Nh5 {[%emt 0:00:03]} g6 {[%emt 0:00:15]} 21. Ng3 {[%emt 0:00:10]} Qf8 {[%emt 0:00:26]} 22. Bg5 {[%emt 0:00:09]} Be7 {[%emt 0:00:18]} 23. Ba2 {[%emt 0:00:04]} Rd8 {[%emt 0:00:04]} 24. Ne2 {[%emt 0:00:17]} Ne4 {[%emt 0:00:01]} 25. Bxe7 {[%emt 0:00:03]} Qxe7 {[%emt 0:00:01]} 26. Nc3 {[%emt 0:00:07]} Nxc3 {[%emt 0:00:02]} 27. Rxc3 {[%emt 0:00:03]} Kh8 {[%emt 0:00:01]} 28. Rc5 {[%emt 0:00:05]} Qe4 {[%emt 0:00:04]} 29. Qd2 {[%emt 0:00:12]} Re7 {[%emt 0:00:06]} 30. Rd1 {[%emt 0:00:08]} Qe2 {[%emt 0:00:02]} 31. g3 {[%emt 0:00:04]} Qxd2 {[%emt 0:00:02]} 32. Rxd2 {[%emt 0:00:01]} Re1+ {[%emt 0:00:02]} 33. Kg2 {[%emt 0:00:01]} Re4 {[%emt 0:00:01]} 34. Rxd5 {[%emt 0:00:01]} Rxd5 {[%emt 0:00:05]} 35. Bxd5 {[%emt 0:00:02]} Kg7 {[%emt 0:00:07]} 36. Bxe4 {[%emt 0:00:04] Katianet abbandona (Lag: Av=0.29s, max=0.7s)} 1-0

[Event "183 Stay Safe Play From Home series"]
[Site "T#646406Emanuel Laske"]
[Date "2020.05.28"]
[Round "2"]
[White "Dukic"]
[Black "Haris kollari 13"]
[Result "0-1"]
[WhiteElo "1831"]
[BlackElo "1903"]
[Annotator "NA"]
[PlyCount "84"]
[EventDate "2020.05.28"]
[EventType "swiss (blitz)"]

1. c4 {[%emt 0:00:04]} b6 {[%emt 0:00:01]} 2. Nc3 {[%emt 0:00:01]} Bb7 {[%emt 0:00:01]} 3. d4 {[%emt 0:00:01]} g6 {[%emt 0:00:01]} 4. e4 {[%emt 0:00:01]} Bg7 {[%emt 0:00:01]} 5. Be3 {[%emt 0:00:02]} Nf6 {[%emt 0:00:02]} 6. f3 {[%emt 0:00:01]} d6 {[%emt 0:00:02]} 7. Qd2 {[%emt 0:00:01]} Nbd7 {[%emt 0:00:05]} 8. Nge2 {[%emt 0:00:02]} h5 {[%emt 0:00:01]} 9. h4 {[%emt 0:00:04]} c6 {[%emt 0:00:01]} 10. g3 {[%emt 0:00:05]} Qc7 {[%emt 0:00:01]} 11. Bh3 {[%emt 0:00:02]} O-O-O {[%emt 0:00:02]} 12. b4 {[%emt 0:00:03]} Kb8 {[%emt 0:00:01]} 13. Rc1 {[%emt 0:00:09]} e6 {[%emt 0:00:03]} 14. O-O {[%emt 0:00:07]} Rdg8 {[%emt 0:00:05]} 15. Kh2 {[%emt 0:00:10]} Ne8 {[%emt 0:00:02]} 16. d5 {[%emt 0:00:10]} e5 {[%emt 0:00:10]} 17. dxc6 {[%emt 0:00:03]} Bxc6 {[%emt 0:00:01]} 18. Nd5 {[%emt 0:00:01]} Qb7 {[%emt 0:00:11]} 19. b5 {[%emt 0:00:08]} Bxd5 {[%emt 0:00:01]} 20. Qxd5 {[%emt 0:00:03]} Qxd5 {[%emt 0:00:04]} 21. cxd5 {[%emt 0:00:02]} Nc5 {[%emt 0:00:01]} 22. Rc3 {[%emt 0:00:07]} Rf8 {[%emt 0:00:03]} 23. Ra1 {[%emt 0:00:03]} f5 {[%emt 0:00:02]} 24. exf5 {[%emt 0:00:02]} gxf5 {[%emt 0:00:01]} 25. Bg5 {[%emt 0:00:18]} f4 {[%emt 0:00:01]} 26. gxf4 {[%emt 0:00:06]} exf4 {[%emt 0:00:01]} 27. Rac1 {[%emt 0:00:06]} Bxc3 {[%emt 0:00:02]} 28. Rxc3 {[%emt 0:00:01]} Nf6 {[%emt 0:00:02]} 29. Nxf4 {[%emt 0:00:02]} Rhg8 {[%emt 0:00:06]} 30. Ne6 {[%emt 0:00:02]} Nxd5 {[%emt 0:00:09]} 31. Rc4 {[%emt 0:00:13]} Rxf3 {[%emt 0:00:03]} 32. Bg2 {[%emt 0:00:04]} Ne3 {[%emt 0:00:16]} 33. Bxf3 {[%emt 0:00:13]} Nxc4 {[%emt 0:00:04]} 34. Nd4 {[%emt 0:00:04]} Ne5 {[%emt 0:00:02]} 35. Bd5 {[%emt 0:00:02]} Rf8 {[%emt 0:00:05]} 36. Be7 {[%emt 0:00:02]} Rf2+ {[%emt 0:00:02]} 37. Kg3 {[%emt 0:00:01]} Rd2 {[%emt 0:00:03]} 38. Bxd6+ {[%emt 0:00:01]} Kc8 {[%emt 0:00:00]} 39. Bxe5 {[%emt 0:00:01]} Nd3 {[%emt 0:00:01]} 40. Be6+ {[%emt 0:00:04]} Kd8 {[%emt 0:00:04]} 41. Bf6+ {[%emt 0:00:01]} Ke8 {[%emt 0:00:01]} 42. Nf5 {[%emt 0:00:03]} Nc5 {[%emt 0:00:01] Zeit (Lag: Av=0.38s, max=0.7s)} 0-1

[Event "183 Stay Safe Play From Home series"]
[Site "T#646406Emanuel Laske"]
[Date "2020.05.28"]
[Round "2"]
[White "Kongle"]
[Black "Greblah"]
[Result "0-1"]
[WhiteElo "1828"]
[BlackElo "1920"]
[Annotator "NA"]
[PlyCount "78"]
[EventDate "2020.05.28"]
[EventType "swiss (blitz)"]

1. e4 {[%emt 0:00:14]} c6 {[%emt 0:00:00]} 2. Nf3 {[%emt 0:00:02]} d5 {[%emt 0:00:00]} 3. exd5 {[%emt 0:00:01]} cxd5 {[%emt 0:00:01]} 4. d4 {[%emt 0:00:00]} Nc6 {[%emt 0:00:02]} 5. c3 {[%emt 0:00:01]} g6 {[%emt 0:00:01]} 6. Bg5 {[%emt 0:00:02]} Bg7 {[%emt 0:00:01]} 7. Bd3 {[%emt 0:00:02]} f6 {[%emt 0:00:01]} 8. Bf4 {[%emt 0:00:02]} Nh6 {[%emt 0:00:01]} 9. h3 {[%emt 0:00:01]} Nf7 {[%emt 0:00:01]} 10. O-O {[%emt 0:00:02]} O-O {[%emt 0:00:01]} 11. Nbd2 {[%emt 0:00:01]} e5 {[%emt 0:00:01]} 12. dxe5 {[%emt 0:00:01]} fxe5 {[%emt 0:00:01]} 13. Bh2 {[%emt 0:00:05]} e4 {[%emt 0:00:01]} 14. Nxe4 {[%emt 0:00:16]} dxe4 {[%emt 0:00:00]} 15. Bxe4 {[%emt 0:00:01]} Qxd1 {[%emt 0:00:01]} 16. Rfxd1 {[%emt 0:00:02]} Bf5 {[%emt 0:00:01]} 17. Bxf5 {[%emt 0:00:02]} gxf5 {[%emt 0:00:01]} 18. Rd7 {[%emt 0:00:01]} b6 {[%emt 0:00:05]} 19. Rc7 {[%emt 0:00:05]} Nce5 {[%emt 0:00:02]} 20. Nd4 {[%emt 0:00:05]} Rfc8 {[%emt 0:00:10]} 21. Rb7 {[%emt 0:00:04]} Nd6 {[%emt 0:00:06]} 22. Re7 {[%emt 0:00:02]} Re8 {[%emt 0:00:04]} 23. Rc7 {[%emt 0:00:14]} a6 {[%emt 0:00:12]} 24. Bf4 {[%emt 0:00:07]} Rec8 {[%emt 0:00:11]} 25. Re7 {[%emt 0:00:04]} Re8 {[%emt 0:00:19]} 26. Rc7 {[%emt 0:00:04]} Rad8 {[%emt 0:00:01]} 27. Rd1 {[%emt 0:00:06]} Ng6 {[%emt 0:00:05]} 28. Bg5 {[%emt 0:00:15]} Rc8 {[%emt 0:00:01]} 29. Rd7 {[%emt 0:00:02]} Ne4 {[%emt 0:00:02]} 30. Nxf5 {[%emt 0:00:05]} Nxg5 {[%emt 0:00:05]} 31. Rxg7+ {[%emt 0:00:02]} Kh8 {[%emt 0:00:03]} 32. Rb7 {[%emt 0:00:02]} Rf8 {[%emt 0:00:07]} 33. Nh6 {[%emt 0:00:21]} Ne5 {[%emt 0:00:08]} 34. Rd5 {[%emt 0:00:05]} Ngf7 {[%emt 0:00:04]} 35. Nf5 {[%emt 0:00:11]} Rcd8 {[%emt 0:00:03]} 36. Rxd8 {[%emt 0:00:06]} Rxd8 {[%emt 0:00:01]} 37. Rxb6 {[%emt 0:00:01]} Rd1+ {[%emt 0:00:02]} 38. Kh2 {[%emt 0:00:01]} Rd8 {[%emt 0:00:01]} 39. Rxa6 {[%emt 0:00:02]} h5 {[%emt 0:00:00] Time (Lag: Av=0.45s, max=0.7s)} 0-1

[Event "183 Stay Safe Play From Home series"]
[Site "T#646406Emanuel Laske"]
[Date "2020.05.28"]
[Round "2"]
[White "matematyk3"]
[Black "Position"]
[Result "0-1"]
[WhiteElo "1383"]
[BlackElo "2048"]
[Annotator "NA"]
[PlyCount "86"]
[EventDate "2020.05.28"]
[EventType "swiss (blitz)"]

1. e4 {[%emt 0:00:04]} c5 {[%emt 0:00:02]} 2. Nf3 {[%emt 0:00:09]} a6 {[%emt 0:00:01]} 3. d4 {[%emt 0:00:02]} cxd4 {[%emt 0:00:01]} 4. Nxd4 {[%emt 0:00:02]} d6 {[%emt 0:00:01]} 5. c4 {[%emt 0:00:01]} Nc6 {[%emt 0:00:02]} 6. Nc3 {[%emt 0:00:01]} Nf6 {[%emt 0:00:01]} 7. Nxc6 {[%emt 0:00:02]} bxc6 {[%emt 0:00:01]} 8. Bd3 {[%emt 0:00:03]} Bg4 {[%emt 0:00:06]} 9. Be2 {[%emt 0:00:06]} Bxe2 {[%emt 0:00:03]} 10. Qxe2 {[%emt 0:00:00]} e5 {[%emt 0:00:01]} 11. O-O {[%emt 0:00:01]} Be7 {[%emt 0:00:01]} 12. Rd1 {[%emt 0:00:01]} Qc7 {[%emt 0:00:01]} 13. Bg5 {[%emt 0:00:06]} O-O {[%emt 0:00:02]} 14. Bxf6 {[%emt 0:00:01]} Bxf6 {[%emt 0:00:01]} 15. Qd3 {[%emt 0:00:01]} Be7 {[%emt 0:00:01]} 16. Qc2 {[%emt 0:00:02]} Rab8 {[%emt 0:00:02]} 17. Rab1 {[%emt 0:00:02]} Qc8 {[%emt 0:00:05]} 18. b4 {[%emt 0:00:03]} Qe6 {[%emt 0:00:02]} 19. Qd3 {[%emt 0:00:09]} f5 {[%emt 0:00:04]} 20. exf5 {[%emt 0:00:03]} Rxf5 {[%emt 0:00:01]} 21. b5 {[%emt 0:00:05]} axb5 {[%emt 0:00:14]} 22. cxb5 {[%emt 0:00:04]} cxb5 {[%emt 0:00:02]} 23. Qd5 {[%emt 0:00:06]} Qxd5 {[%emt 0:00:03]} 24. Rxd5 {[%emt 0:00:00]} b4 {[%emt 0:00:01]} 25. Nb5 {[%emt 0:00:07] matematyk3 reconnected.} Ra8 {[%emt 0:00:16]} 26. Nxd6 {[%emt 0:00:04] matematyk3 reconnected.} Rf6 {[%emt 0:00:10]} 27. Ne4 {[%emt 0:00:05]} Re6 {[%emt 0:00:03]} 28. g3 {[%emt 0:00:04]} Rxa2 {[%emt 0:00:02]} 29. Re1 {[%emt 0:00:06]} Bf6 {[%emt 0:00:07]} 30. Rb5 {[%emt 0:00:07] matematyk3 reconnected.} Be7 {[%emt 0:00:08]} 31. Nc5 {[%emt 0:00:07]} Bxc5 {[%emt 0:00:07]} 32. Rxc5 {[%emt 0:00:02]} e4 {[%emt 0:00:03]} 33. Rc4 {[%emt 0:00:04]} b3 {[%emt 0:00:02]} 34. Rcxe4 {[%emt 0:00:02]} Rxe4 {[%emt 0:00:03]} 35. Rxe4 {[%emt 0:00:01]} b2 {[%emt 0:00:01]} 36. Re8+ {[%emt 0:00:03]} Kf7 {[%emt 0:00:01]} 37. Rb8 {[%emt 0:00:00]} Ra1+ {[%emt 0:00:01]} 38. Kg2 {[%emt 0:00:00]} b1=Q {[%emt 0:00:01]} 39. Rxb1 {[%emt 0:00:02]} Rxb1 {[%emt 0:00:00]} 40. f4 {[%emt 0:00:01]} h5 {[%emt 0:00:02]} 41. Kf3 {[%emt 0:00:01]} Kf6 {[%emt 0:00:01]} 42. g4 {[%emt 0:00:01]} Rb3+ {[%emt 0:00:02]} 43. Ke4 {[%emt 0:00:02]} hxg4 {[%emt 0:00:00] matematyk3 poddaje siê (Lag: Av=0.83s, max=2.0s)} 0-1

[Event "183 Stay Safe Play From Home series"]
[Site "T#646406Emanuel Laske"]
[Date "2020.05.28"]
[Round "3"]
[White "Szoern"]
[Black "Dukic"]
[Result "0-1"]
[WhiteElo "2069"]
[BlackElo "1817"]
[Annotator "NA"]
[PlyCount "44"]
[EventDate "2020.05.28"]
[EventType "swiss (blitz)"]

1. e4 {[%emt 0:00:05]} c6 {[%emt 0:00:04]} 2. d4 {[%emt 0:00:04]} d6 {[%emt 0:00:01]} 3. Nc3 {[%emt 0:00:04]} Nd7 {[%emt 0:00:07]} 4. f4 {[%emt 0:00:02]} e5 {[%emt 0:00:02]} 5. Nf3 {[%emt 0:00:01]} Qc7 {[%emt 0:00:02]} 6. dxe5 {[%emt 0:00:03]} dxe5 {[%emt 0:00:02]} 7. Bc4 {[%emt 0:00:01]} exf4 {[%emt 0:00:02]} 8. O-O {[%emt 0:00:03]} Bd6 {[%emt 0:00:04]} 9. Ng5 {[%emt 0:00:02]} Ne5 {[%emt 0:00:06]} 10. Bb3 {[%emt 0:00:07]} h6 {[%emt 0:00:03]} 11. Qh5 {[%emt 0:00:04]} Nf6 {[%emt 0:00:04]} 12. Qh4 {[%emt 0:00:02]} Ng6 {[%emt 0:00:06]} 13. Bxf7+ {[%emt 0:00:05]} Qxf7 {[%emt 0:00:01]} 14. Nxf7 {[%emt 0:00:01]} Nxh4 {[%emt 0:00:04]} 15. Nxh8 {[%emt 0:00:01]} g5 {[%emt 0:00:11]} 16. g3 {[%emt 0:00:03]} Bc5+ {[%emt 0:00:17]} 17. Kh1 {[%emt 0:00:02]} Bh3 {[%emt 0:00:01]} 18. Rg1 {[%emt 0:00:02]} Bxg1 {[%emt 0:00:12]} 19. Kxg1 {[%emt 0:00:00]} Nf3+ {[%emt 0:00:02]} 20. Kh1 {[%emt 0:00:00]} Ng4 {[%emt 0:00:03]} 21. Be3 {[%emt 0:00:08]} fxe3 {[%emt 0:00:02]} 22. Re1 {[%emt 0:00:01]} Nf2# {[%emt 0:00:01] (Lag: Av=0.23s, max=0.3s)} 0-1

[Event "183 Stay Safe Play From Home series"]
[Site "T#646406Emanuel Laske"]
[Date "2020.05.28"]
[Round "3"]
[White "Position"]
[Black "Don59as"]
[Result "1-0"]
[WhiteElo "2049"]
[BlackElo "2102"]
[Annotator "NA"]
[PlyCount "81"]
[EventDate "2020.05.28"]
[EventType "swiss (blitz)"]

1. e4 {[%emt 0:00:01]} e5 {[%emt 0:00:01]} 2. Nf3 {[%emt 0:00:01]} Nc6 {[%emt 0:00:01]} 3. Bb5 {[%emt 0:00:03]} f5 {[%emt 0:00:01]} 4. d3 {[%emt 0:00:04]} Nf6 {[%emt 0:00:01]} 5. exf5 {[%emt 0:00:06]} Be7 {[%emt 0:00:02]} 6. O-O {[%emt 0:00:01]} O-O {[%emt 0:00:01]} 7. Bxc6 {[%emt 0:00:01]} dxc6 {[%emt 0:00:01]} 8. Nxe5 {[%emt 0:00:01]} Bxf5 {[%emt 0:00:01]} 9. Nc3 {[%emt 0:00:01]} Bd6 {[%emt 0:00:01]} 10. d4 {[%emt 0:00:02]} Nd7 {[%emt 0:00:15]} 11. Nxd7 {[%emt 0:00:07]} Qxd7 {[%emt 0:00:02]} 12. Bg5 {[%emt 0:00:20]} Rae8 {[%emt 0:00:01]} 13. Bh4 {[%emt 0:00:02]} Qf7 {[%emt 0:00:07]} 14. Bg3 {[%emt 0:00:02]} Qg6 {[%emt 0:00:01]} 15. Rc1 {[%emt 0:00:07]} h5 {[%emt 0:00:02]} 16. d5 {[%emt 0:00:07]} c5 {[%emt 0:00:03]} 17. Re1 {[%emt 0:00:03]} Rxe1+ {[%emt 0:00:10]} 18. Qxe1 {[%emt 0:00:02]} Bxc2 {[%emt 0:00:01]} 19. Bxd6 {[%emt 0:00:04]} cxd6 {[%emt 0:00:02]} 20. Nb5 {[%emt 0:00:01]} Be4 {[%emt 0:00:07]} 21. f3 {[%emt 0:00:11]} Bxf3 {[%emt 0:00:19]} 22. Qe6+ {[%emt 0:00:02]} Qxe6 {[%emt 0:00:05]} 23. dxe6 {[%emt 0:00:00]} Bd5 {[%emt 0:00:08]} 24. Re1 {[%emt 0:00:05]} Bc6 {[%emt 0:00:28]} 25. Nxd6 {[%emt 0:00:05]} Rd8 {[%emt 0:00:03]} 26. Nf5 {[%emt 0:00:06]} Rd2 {[%emt 0:00:07]} 27. e7 {[%emt 0:00:29]} Kf7 {[%emt 0:00:13]} 28. Re5 {[%emt 0:00:31]} Rxg2+ {[%emt 0:00:05]} 29. Kf1 {[%emt 0:00:01]} Rd2 {[%emt 0:00:03]} 30. Ke1 {[%emt 0:00:02]} Rd3 {[%emt 0:00:09]} 31. Ke2 {[%emt 0:00:01]} Rh3 {[%emt 0:00:05]} 32. Nd6+ {[%emt 0:00:02]} Kf6 {[%emt 0:00:03]} 33. e8=Q {[%emt 0:00:01]} Bxe8 {[%emt 0:00:01]} 34. Rxe8 {[%emt 0:00:00]} Rxh2+ {[%emt 0:00:01]} 35. Kd3 {[%emt 0:00:01]} Rxb2 {[%emt 0:00:01]} 36. Rb8 {[%emt 0:00:01]} b6 {[%emt 0:00:03]} 37. Ne4+ {[%emt 0:00:03]} Kf5 {[%emt 0:00:02]} 38. Nc3 {[%emt 0:00:00]} h4 {[%emt 0:00:03]} 39. Rb7 {[%emt 0:00:00]} g5 {[%emt 0:00:01]} 40. Rh7 {[%emt 0:00:01]} b5 {[%emt 0:00:02]} 41. Ne4 {[%emt 0:00:01] Time (Lag: Av=0.93s, max=2.1s)} 1-0

[Event "183 Stay Safe Play From Home series"]
[Site "T#646406Emanuel Laske"]
[Date "2020.05.28"]
[Round "3"]
[White "Weltszmerc"]
[Black "Haris kollari 13"]
[Result "1-0"]
[WhiteElo "2049"]
[BlackElo "1916"]
[Annotator "NA"]
[PlyCount "83"]
[EventDate "2020.05.28"]
[EventType "swiss (blitz)"]

1. d4 {[%emt 0:00:02]} d5 {[%emt 0:00:01]} 2. c4 {[%emt 0:00:01]} e5 {[%emt 0:00:01]} 3. Nf3 {[%emt 0:00:01]} e4 {[%emt 0:00:01]} 4. Nfd2 {[%emt 0:00:01]} c6 {[%emt 0:00:01]} 5. e3 {[%emt 0:00:01]} f5 {[%emt 0:00:01]} 6. f3 {[%emt 0:00:01]} Nf6 {[%emt 0:00:01]} 7. Nc3 {[%emt 0:00:04]} Be6 {[%emt 0:00:01]} 8. Qb3 {[%emt 0:00:03]} Qd7 {[%emt 0:00:04]} 9. cxd5 {[%emt 0:00:02]} cxd5 {[%emt 0:00:01]} 10. Na4 {[%emt 0:00:03]} Nc6 {[%emt 0:00:03]} 11. Nc5 {[%emt 0:00:02]} Bxc5 {[%emt 0:00:02]} 12. dxc5 {[%emt 0:00:00]} O-O {[%emt 0:00:05]} 13. f4 {[%emt 0:00:05]} Rad8 {[%emt 0:00:07]} 14. a3 {[%emt 0:00:12]} Rfe8 {[%emt 0:00:01]} 15. Qc3 {[%emt 0:00:09]} d4 {[%emt 0:00:03]} 16. exd4 {[%emt 0:00:02]} Qxd4 {[%emt 0:00:03]} 17. Bc4 {[%emt 0:00:10]} Bxc4 {[%emt 0:00:07]} 18. Qxc4+ {[%emt 0:00:02]} Qxc4 {[%emt 0:00:02]} 19. Nxc4 {[%emt 0:00:00]} Nd4 {[%emt 0:00:01]} 20. O-O {[%emt 0:00:03]} Re7 {[%emt 0:00:24]} 21. b4 {[%emt 0:00:03]} Red7 {[%emt 0:00:01]} 22. Bb2 {[%emt 0:00:11]} Ng4 {[%emt 0:00:16]} 23. Nd6 {[%emt 0:00:27]} Nb3 {[%emt 0:00:19]} 24. Rae1 {[%emt 0:00:05]} g6 {[%emt 0:00:01]} 25. h3 {[%emt 0:00:02]} Nh6 {[%emt 0:00:02]} 26. Re3 {[%emt 0:00:03]} Nd2 {[%emt 0:00:03]} 27. Rf2 {[%emt 0:00:01]} Nb1 {[%emt 0:00:20]} 28. Re1 {[%emt 0:00:04]} Nxa3 {[%emt 0:00:01]} 29. Bxa3 {[%emt 0:00:02]} b6 {[%emt 0:00:00]} 30. Rc2 {[%emt 0:00:12]} bxc5 {[%emt 0:00:09]} 31. bxc5 {[%emt 0:00:01]} a5 {[%emt 0:00:03]} 32. c6 {[%emt 0:00:01]} Rxd6 {[%emt 0:00:01]} 33. Bxd6 {[%emt 0:00:02]} Rxd6 {[%emt 0:00:01]} 34. c7 {[%emt 0:00:00]} Nf7 {[%emt 0:00:04]} 35. c8=Q+ {[%emt 0:00:00]} Kg7 {[%emt 0:00:01]} 36. Rc7 {[%emt 0:00:04]} h5 {[%emt 0:00:07]} 37. Qe8 {[%emt 0:00:02]} Rf6 {[%emt 0:00:01]} 38. Rd1 {[%emt 0:00:02]} e3 {[%emt 0:00:02]} 39. Rdd7 {[%emt 0:00:03]} e2 {[%emt 0:00:02]} 40. Rxf7+ {[%emt 0:00:01]} Rxf7 {[%emt 0:00:06]} 41. Rxf7+ {[%emt 0:00:00]} Kh6 {[%emt 0:00:00]} 42. Qh8# {[%emt 0:00:02] (Lag: Av=0.70s, max=1.0s)} 1-0